Canada and Latin American Security /

Salvato in:
Dettagli Bibliografici
Autore principale: Klepak, H. P.
Altri autori: edit
Natura: testo
Pubblicazione: Quebec: Meridien
Tags: Aggiungi Tag
Nessun Tag, puoi essere il primo ad aggiungerne!!

MARC

LEADER 00000 a a2200000 04500
001 23126
003
040
020 |a 2-89415-991-9  
090 |a 159600  
100 |a Klepak, H. P.  
245 |a Canada and Latin American Security /  |c H. P. Klepak 
260 |a Quebec:   |b Meridien  
300 |a 223 p  
700 |a edit  
999 |c 15424  |d 15424